|
|
|
|
| LEADER |
01792cas a2200253 a 4500 |
| 001 |
AALejournalIMF001061 |
| 008 |
230101c9999 xx r poo 0 0eng d |
| 020 |
|
|
|c 5.00 USD
|
| 020 |
|
|
|z 9781451857016
|
| 022 |
|
|
|a 1018-5941
|
| 040 |
|
|
|a BD-DhAAL
|c BD-DhAAL
|
| 100 |
1 |
|
|a Richards, Anthony.
|
| 245 |
1 |
0 |
|a Bank Rating Changes and Bank Stock Returns-Puzzling Evidence from the Emerging Markets /
|c Anthony Richards, David Deddouche.
|
| 264 |
|
1 |
|a Washington, D.C. :
|b International Monetary Fund,
|c 1999.
|
| 300 |
|
|
|a 1 online resource (28 pages)
|
| 490 |
1 |
|
|a IMF Working Papers
|
| 500 |
|
|
|a <strong>Off-Campus Access:</strong> No User ID or Password Required
|
| 500 |
|
|
|a <strong>On-Campus Access:</strong> No User ID or Password Required
|
| 506 |
|
|
|a Electronic access restricted to authorized BRAC University faculty, staff and students
|
| 520 |
3 |
|
|a This paper examines the performance of emerging market bank stocks around the time of rating changes by major international agencies. The data suggest that downgrades on average have followed periods of negative cumulative abnormal returns for banks, although upgrades have not followed periods of positive returns. More important, stock prices either do not respond to rating changes or respond in the opposite direction to what would be expected if announcements conveyed value-relevant information. The paper concludes that there are limits to the extent that supervisors in emerging markets can rely on market participants to monitor the safety and soundness of banks.
|
| 538 |
|
|
|a Mode of access: Internet
|
| 700 |
1 |
|
|a Deddouche, David.
|
| 830 |
|
0 |
|a IMF Working Papers; Working Paper ;
|v No. 1999/151
|
| 856 |
4 |
0 |
|z Full text available on IMF
|u http://elibrary.imf.org/view/journals/001/1999/151/001.1999.issue-151-en.xml
|z IMF e-Library
|